Fnaf Characters - Statistics

General Stats
  • This quiz has been taken 21 times
  • The average score is 25 of 50
Answer Stats
Hint Answer % Correct
Chica
100%
Bonnie
92%
Foxy
92%
FNAF 1 Freddy
92%
FNAF 1 Easter eggs Golden freddy
92%
BB/Balloon Boy
77%
Toy chica
77%
Fnaf 2 Toy freddy
77%
Mangle
69%
Toy bonnie
69%
Fnaf SB Glamrock chica
62%
Glamrock Freddy
62%
Monty
62%
Fnaf 4 Nightmare
62%
Nightmare Bonnie
62%
Nightmare Chica
62%
Nightmare Freddy
62%
Roxy
62%
Shadow Bonnie
62%
Withered freddy
62%
Fnaf 2 Easter eggs Endo 02
54%
Moon
54%
Nightmare Foxy
54%
Shadow Freddy
54%
Sun
54%
Withered bonnie
54%
Withered chica
54%
Withered foxy
54%
Endo 01
46%
JJ
46%
Nightmare Fredbear
46%
Plushtrap
46%
Rockstar bonnie
46%
Rockstar chica
46%
Rockstar foxy
46%
Rockstars Rockstar freddy
46%
Freddles
38%
Say qwerty to win qwerty
38%
Withered Golden Freddy
38%
Gregory
31%
Map bot
31%
Staff bot
31%
Vanny
31%
Wet floor bot
31%
Glamrock bonnie
15%
or something else Mr.Hippo
8%
idk ok? Happy Frog
0%
Fnaf Pizza sim Orville
0%
Sewer bot
0%
Vannesa
0%
No matching quizzes found
Score Distribution
Percent of People with Each Score
Percentile by Number Answered
Your Score History
You have not taken this quiz